[Event "Benidorm Satellite preliminary"]
[Site "playchess.com #007036"]
[Date "2009.10.24"]
[Round "9"]
[White "Jiriki"]
[Black "CubaChessPraxis"]
[Result "1-0"]
[WhiteElo "2522"]
[BlackElo "2160"]
[PlyCount "195"]
[EventDate "2009.10.24"]
[EventType "swiss (blitz)"]

1. e4 {[%emt 0:00:02]} c5 {[%emt 0:00:03]} 2. c3 {[%emt 0:00:01]} e6 {[%emt 0:
00:03]} 3. d4 {[%emt 0:00:01]} cxd4 {[%emt 0:00:04]} 4. cxd4 {[%emt 0:00:01]}
d5 {[%emt 0:00:01]} 5. e5 {[%emt 0:00:01]} Nc6 {[%emt 0:00:02]} 6. Nc3 {[%emt
0:00:05]} Nh6 {[%emt 0:00:01]} 7. Nf3 {[%emt 0:00:04]} Nf5 {[%emt 0:00:02]} 8.
Be3 {[%emt 0:00:04]} h6 {[%emt 0:00:02]} 9. Bd3 {[%emt 0:00:06]} Be7 {[%emt 0:
00:04]} 10. O-O {[%emt 0:00:04]} a6 {[%emt 0:00:06]} 11. Rc1 {[%emt 0:00:06]}
O-O {[%emt 0:00:08]} 12. Qd2 {[%emt 0:00:17]} Nxe3 {[%emt 0:00:15]} 13. fxe3 {
[%emt 0:00:02]} f5 {[%emt 0:00:03]} 14. Na4 {[%emt 0:00:15]} Bd7 {[%emt 0:00:
12]} 15. Nc5 {[%emt 0:00:04]} Bxc5 {[%emt 0:00:11]} 16. Rxc5 {[%emt 0:00:02]}
Qe7 {[%emt 0:00:09]} 17. Rfc1 {[%emt 0:00:03]} g5 {[%emt 0:00:04]} 18. Qe2 {
[%emt 0:00:09]} g4 {[%emt 0:00:20]} 19. Ne1 {[%emt 0:00:11]} Rac8 {[%emt 0:00:
05]} 20. g3 {[%emt 0:00:03]} h5 {[%emt 0:00:08]} 21. R5c3 {[%emt 0:00:25]} h4 {
[%emt 0:00:09]} 22. Ng2 {[%emt 0:00:01]} hxg3 {[%emt 0:00:05]} 23. hxg3 {[%emt
0:00:00]} Rf7 {[%emt 0:00:05]} 24. Nf4 {[%emt 0:00:30]} Qg5 {[%emt 0:00:05]}
25. Kg2 {[%emt 0:00:09]} Rh7 {[%emt 0:00:02]} 26. Rh1 {[%emt 0:00:01]} Rxh1 {
[%emt 0:00:01]} 27. Kxh1 {[%emt 0:00:00]} Kf7 {[%emt 0:00:05]} 28. Kg1 {[%emt
0:00:08]} Rh8 {[%emt 0:00:01]} 29. Qg2 {[%emt 0:00:01]} Qh6 {[%emt 0:00:08]}
30. a3 {[%emt 0:00:12]} Ke7 {[%emt 0:00:13]} 31. b4 {[%emt 0:00:02]} b5 {[%emt
0:00:10]} 32. Rc5 {[%emt 0:00:04]} Kd8 {[%emt 0:00:19]} 33. Bxf5 {[%emt 0:00:
13]} exf5 {[%emt 0:00:03]} 34. e6 {[%emt 0:00:01]} Bxe6 {[%emt 0:00:02]} 35.
Rxc6 {[%emt 0:00:02]} Re8 {[%emt 0:00:09]} 36. Nxe6+ {[%emt 0:00:03]} Rxe6 {
[%emt 0:00:06]} 37. Qxd5+ {[%emt 0:00:01]} Ke7 {[%emt 0:00:01]} 38. Qc5+ {
[%emt 0:00:21]} Kf7 {[%emt 0:00:06]} 39. Rc7+ {[%emt 0:00:09]} Kg6 {[%emt 0:00:
01]} 40. d5 {[%emt 0:00:07]} Qxe3+ {[%emt 0:00:02]} 41. Qxe3 {[%emt 0:00:01]}
Rxe3 {[%emt 0:00:01]} 42. d6 {[%emt 0:00:04]} Rd3 {[%emt 0:00:01]} 43. d7 {
[%emt 0:00:04]} Rd2 {[%emt 0:00:01]} 44. Ra7 {[%emt 0:00:04]} Kg5 {[%emt 0:00:
01]} 45. Rxa6 {[%emt 0:00:01]} Rxd7 {[%emt 0:00:02]} 46. Rb6 {[%emt 0:00:00]}
f4 {[%emt 0:00:04]} 47. gxf4+ {[%emt 0:00:01]} Kxf4 {[%emt 0:00:01]} 48. Rxb5 {
[%emt 0:00:00]} Rd2 {[%emt 0:00:02]} 49. Rb8 {[%emt 0:00:01]} g3 {[%emt 0:00:
03]} 50. Rf8+ {[%emt 0:00:02]} Kg4 {[%emt 0:00:02]} 51. a4 {[%emt 0:00:01]} Kh3
{[%emt 0:00:01]} 52. Rh8+ {[%emt 0:00:01]} Kg4 {[%emt 0:00:01]} 53. a5 {[%emt
0:00:00]} Ra2 {[%emt 0:00:01]} 54. Ra8 {[%emt 0:00:05]} Kf3 {[%emt 0:00:01]}
55. Rf8+ {[%emt 0:00:01]} Kg4 {[%emt 0:00:01]} 56. Rf7 {[%emt 0:00:02]} Kh3 {
[%emt 0:00:02]} 57. Rh7+ {[%emt 0:00:01]} Kg4 {[%emt 0:00:01]} 58. Kf1 {[%emt
0:00:00]} Kf3 {[%emt 0:00:01]} 59. Rf7+ {[%emt 0:00:01]} Kg4 {[%emt 0:00:02]}
60. Rf6 {[%emt 0:00:00]} Kh3 {[%emt 0:00:01]} 61. Rh6+ {[%emt 0:00:01]} Kg4 {
[%emt 0:00:01]} 62. a6 {[%emt 0:00:00]} Kf3 {[%emt 0:00:04]} 63. Rf6+ {[%emt 0:
00:01]} Kg4 {[%emt 0:00:01]} 64. b5 {[%emt 0:00:00]} g2+ {[%emt 0:00:05]} 65.
Kg1 {[%emt 0:00:01]} Kg3 {[%emt 0:00:01]} 66. Rg6+ {[%emt 0:00:01]} Kf3 {[%emt
0:00:03]} 67. Rf6+ {[%emt 0:00:04]} Kg3 {[%emt 0:00:01]} 68. Rg6+ {[%emt 0:00:
06]} Kf3 {[%emt 0:00:01]} 69. Kh2 {[%emt 0:00:06]} Ra5 {[%emt 0:00:22] '} 70.
Rf6+ {[%emt 0:00:01]} Ke4 {[%emt 0:00:04]} 71. Rb6 {[%emt 0:00:04]} Ra2 {[%emt
0:00:02]} 72. Rb7 {[%emt 0:00:03]} Kf3 {[%emt 0:00:01]} 73. Rf7+ {[%emt 0:00:
01]} Ke4 {[%emt 0:00:02]} 74. a7 {[%emt 0:00:01]} Kd5 {[%emt 0:00:01]} 75. b6 {
[%emt 0:00:03]} Kc6 {[%emt 0:00:01]} 76. b7 {[%emt 0:00:00]} Rxa7 {[%emt 0:00:
03]} 77. b8=Q {[%emt 0:00:00]} Rxf7 {[%emt 0:00:01]} 78. Kxg2 {[%emt 0:00:03]}
Rd7 {[%emt 0:00:02]} 79. Qe5 {[%emt 0:00:01]} Rd5 {[%emt 0:00:01]} 80. Qe4 {
[%emt 0:00:01]} Kd6 {[%emt 0:00:01]} 81. Kf3 {[%emt 0:00:00]} Re5 {[%emt 0:00:
01]} 82. Qb4+ {[%emt 0:00:01]} Ke6 {[%emt 0:00:03]} 83. Qb6+ {[%emt 0:00:04]}
Kf5 {[%emt 0:00:01]} 84. Qh6 {[%emt 0:00:01]} Re7 {[%emt 0:00:02]} 85. Qh5+ {
[%emt 0:00:03]} Ke6 {[%emt 0:00:02]} 86. Ke4 {[%emt 0:00:01]} Kf6+ {[%emt 0:00:
01]} 87. Kf4 {[%emt 0:00:02]} Kg7 {[%emt 0:00:01]} 88. Qc5 {[%emt 0:00:06]} Kf6
{[%emt 0:00:02]} 89. Qd6+ {[%emt 0:00:03]} Re6 {[%emt 0:00:02]} 90. Qd8+ {
[%emt 0:00:02]} Kf7 {[%emt 0:00:02]} 91. Kf5 {[%emt 0:00:01]} Re8 {[%emt 0:00:
03]} 92. Qd7+ {[%emt 0:00:02]} Re7 {[%emt 0:00:01]} 93. Qc8 {[%emt 0:00:01]}
Kg7 {[%emt 0:00:03]} 94. Qd8 {[%emt 0:00:03]} Kf7 {[%emt 0:00:03]} 95. Qh8 {
[%emt 0:00:02]} Re8 {[%emt 0:00:06]} 96. Qh7+ {[%emt 0:00:01]} Kf8 {[%emt 0:00:
02]} 97. Kf6 {[%emt 0:00:02]} Re6+ {[%emt 0:00:04]} 98. Kxe6 {[%emt 0:00:01]
CubaChessPraxis rinde} 1-0

[Event "Benidorm Satellite preliminary"]
[Site "playchess.com #007036"]
[Date "2009.10.24"]
[Round "10"]
[White "Paradoks10"]
[Black "Ferdi Sert"]
[Result "0-1"]
[WhiteElo "1678"]
[BlackElo "1852"]
[PlyCount "28"]
[EventDate "2009.10.24"]
[EventType "swiss (blitz)"]

1. e4 {[%emt 0:00:04]} c5 {[%emt 0:00:02]} 2. Nf3 {[%emt 0:00:03]} Nc6 {[%emt
0:00:01]} 3. d4 {[%emt 0:00:02]} cxd4 {[%emt 0:00:00]} 4. Nxd4 {[%emt 0:00:00]}
g6 {[%emt 0:00:04]} 5. Nc3 {[%emt 0:00:03]} Bg7 {[%emt 0:00:01]} 6. Be3 {[%emt
0:00:01]} Nf6 {[%emt 0:00:01]} 7. f3 {[%emt 0:00:01]} O-O {[%emt 0:00:02]} 8.
Bc4 {[%emt 0:00:02]} e6 {[%emt 0:00:01]} 9. Qd2 {[%emt 0:00:03]} d5 {[%emt 0:
00:01]} 10. exd5 {[%emt 0:00:05]} Nxd5 {[%emt 0:00:02]} 11. O-O-O {[%emt 0:00:
05]} Nxe3 {[%emt 0:00:03]} 12. Nxc6 {[%emt 0:00:02]} Qxd2+ {[%emt 0:00:07]} 13.
Rxd2 {[%emt 0:00:05]} bxc6 {[%emt 0:00:01]} 14. Re1 {[%emt 0:00:04]} Nxc4 {
[%emt 0:00:02] Paradoks10 resigns  (Lag: Av=0.64s, max=1.3s)} 0-1

[Event "Benidorm Satellite preliminary"]
[Site "playchess.com #007036"]
[Date "2009.10.24"]
[Round "10"]
[White "Maximums"]
[Black "Us6"]
[Result "1-0"]
[WhiteElo "2661"]
[BlackElo "2609"]
[PlyCount "35"]
[EventDate "2009.10.24"]
[EventType "swiss (blitz)"]

1. d4 {[%emt 0:00:01]} Nf6 {[%emt 0:00:01]} 2. Nf3 {[%emt 0:00:01]} d5 {[%emt
0:00:02]} 3. c4 {[%emt 0:00:01]} c6 {[%emt 0:00:07]} 4. cxd5 {[%emt 0:00:03]}
cxd5 {[%emt 0:00:00]} 5. Nc3 {[%emt 0:00:01]} Nc6 {[%emt 0:00:01]} 6. Bf4 {
[%emt 0:00:01]} a6 {[%emt 0:00:01]} 7. e3 {[%emt 0:00:03]} Bf5 {[%emt 0:00:00]}
8. Ne5 {[%emt 0:00:09]} Rc8 {[%emt 0:00:04]} 9. Rc1 {[%emt 0:00:10]} e6 {[%emt
0:00:17]} 10. g4 {[%emt 0:00:22]} Be4 {[%emt 0:00:26]} 11. f3 {[%emt 0:00:04]}
Bg6 {[%emt 0:00:03]} 12. h4 {[%emt 0:00:03]} h5 {[%emt 0:00:15]} 13. g5 {[%emt
0:00:03]} Nd7 {[%emt 0:00:03]} 14. Nxg6 {[%emt 0:00:01]} fxg6 {[%emt 0:00:00]}
15. Bd3 {[%emt 0:00:02]} Kf7 {[%emt 0:00:13]} 16. Qc2 {[%emt 0:00:04]} e5 {
[%emt 0:00:02]} 17. Bxg6+ {[%emt 0:00:02]} Kg8 {[%emt 0:00:01]} 18. Qf5 {[%emt
0:00:08] Us6 resigns} 1-0

[Event "Benidorm Satellite preliminary"]
[Site "playchess.com #007036"]
[Date "2009.10.24"]
[Round "10"]
[White "Marx"]
[Black "Florin G"]
[Result "1-0"]
[WhiteElo "1281"]
[BlackElo "1816"]
[PlyCount "43"]
[EventDate "2009.10.24"]
[EventType "swiss (blitz)"]

1. e4 {[%emt 0:00:02]} e5 {[%emt 0:00:01]} 2. Nf3 {[%emt 0:00:01]} Nc6 {[%emt
0:00:01]} 3. Bb5 {[%emt 0:00:01]} a6 {[%emt 0:00:01]} 4. Ba4 {[%emt 0:00:02]}
Nf6 {[%emt 0:00:01]} 5. O-O {[%emt 0:00:02]} Be7 {[%emt 0:00:01]} 6. Re1 {
[%emt 0:00:01]} b5 {[%emt 0:00:01]} 7. Bb3 {[%emt 0:00:01]} O-O {[%emt 0:00:00]
} 8. d4 {[%emt 0:00:01]} exd4 {[%emt 0:00:02]} 9. Nxd4 {[%emt 0:00:01]} Nxd4 {
[%emt 0:00:02]} 10. Qxd4 {[%emt 0:00:02]} d6 {[%emt 0:00:01]} 11. a4 {[%emt 0:
00:03]} Bb7 {[%emt 0:00:03]} 12. axb5 {[%emt 0:00:01]} axb5 {[%emt 0:00:01]}
13. Rxa8 {[%emt 0:00:03]} Bxa8 {[%emt 0:00:01]} 14. Nc3 {[%emt 0:00:05]} Re8 {
[%emt 0:00:01]} 15. Bg5 {[%emt 0:00:05]} c6 {[%emt 0:00:13]} 16. e5 {[%emt 0:
00:41]} dxe5 {[%emt 0:00:07]} 17. Qxe5 {[%emt 0:00:01]} h6 {[%emt 0:00:12]} 18.
Bxf6 {[%emt 0:00:24]} gxf6 {[%emt 0:00:01]} 19. Qg3+ {[%emt 0:00:12]} Kh7 {
[%emt 0:00:01]} 20. Bxf7 {[%emt 0:00:11]} Bf8 {[%emt 0:00:41]} 21. Qg6+ {[%emt
0:00:03]} Kh8 {[%emt 0:00:01]} 22. Qg8# {[%emt 0:00:02]} 1-0

[Event "Benidorm Satellite preliminary"]
[Site "playchess.com #007036"]
[Date "2009.10.24"]
[Round "10"]
[White "Roefe"]
[Black "Bobby Short"]
[Result "0-1"]
[WhiteElo "1701"]
[BlackElo "1413"]
[PlyCount "54"]
[EventDate "2009.10.24"]
[EventType "swiss (blitz)"]

1. d4 {[%emt 0:00:01]} d5 {[%emt 0:00:04]} 2. c4 {[%emt 0:00:01]} Nf6 {[%emt 0:
00:02]} 3. Nf3 {[%emt 0:00:01]} Bf5 {[%emt 0:00:04]} 4. e3 {[%emt 0:00:01]} e6
{[%emt 0:00:01]} 5. b3 {[%emt 0:00:01]} dxc4 {[%emt 0:00:01]} 6. bxc4 {[%emt 0:
00:01]} Bb4+ {[%emt 0:00:01]} 7. Nbd2 {[%emt 0:00:02]} O-O {[%emt 0:00:04]} 8.
Bb2 {[%emt 0:00:01]} c5 {[%emt 0:00:04]} 9. Be2 {[%emt 0:00:02]} cxd4 {[%emt 0:
00:02]} 10. exd4 {[%emt 0:00:00]} Nc6 {[%emt 0:00:03]} 11. O-O {[%emt 0:00:02]}
Rc8 {[%emt 0:00:09]} 12. a3 {[%emt 0:00:01]} Ba5 {[%emt 0:00:04]} 13. Rc1 {
[%emt 0:00:05]} Bc7 {[%emt 0:00:03]} 14. h3 {[%emt 0:00:17]} Ne4 {[%emt 0:00:
05]} 15. Nxe4 {[%emt 0:00:02]} Bxe4 {[%emt 0:00:01]} 16. Qd2 {[%emt 0:00:08]}
Qd6 {[%emt 0:00:04]} 17. g3 {[%emt 0:00:03]} f5 {[%emt 0:00:04]} 18. Kh2 {
[%emt 0:00:10]} Rf6 {[%emt 0:00:05]} 19. Rfd1 {[%emt 0:00:13]} Rg6 {[%emt 0:00:
03]} 20. Ne5 {[%emt 0:00:02]} Rh6 {[%emt 0:00:11]} 21. Qf4 {[%emt 0:00:11]} Rf8
{[%emt 0:00:09]} 22. h4 {[%emt 0:00:12]} Qe7 {[%emt 0:00:08]} 23. d5 {[%emt 0:
00:08]} Nxe5 {[%emt 0:00:11]} 24. Bxe5 {[%emt 0:00:02]} Bxe5 {[%emt 0:00:07]}
25. Qxe5 {[%emt 0:00:01]} Rxh4+ {[%emt 0:00:09]} 26. gxh4 {[%emt 0:00:02]}
Qxh4+ {[%emt 0:00:01]} 27. Kg1 {[%emt 0:00:02]} Qh1# {[%emt 0:00:03]} 0-1

[Event "Benidorm Satellite preliminary"]
[Site "playchess.com #007036"]
[Date "2009.10.24"]
[Round "10"]
[White "chess-vador"]
[Black "Munchie the 5th"]
[Result "1-0"]
[WhiteElo "1782"]
[BlackElo "1668"]
[PlyCount "43"]
[EventDate "2009.10.24"]
[EventType "swiss (blitz)"]

1. d4 {[%emt 0:00:03]} d5 {[%emt 0:00:01]} 2. Nf3 {[%emt 0:00:02]} Nf6 {[%emt
0:00:01]} 3. Bf4 {[%emt 0:00:03]} e6 {[%emt 0:00:02]} 4. e3 {[%emt 0:00:01]}
Bd6 {[%emt 0:00:01]} 5. Ne5 {[%emt 0:00:02]} O-O {[%emt 0:00:02]} 6. Bd3 {
[%emt 0:00:02]} Nbd7 {[%emt 0:00:04]} 7. Nd2 {[%emt 0:00:06]} b6 {[%emt 0:00:
05]} 8. g4 {[%emt 0:00:13]} Bb7 {[%emt 0:00:11]} 9. g5 {[%emt 0:00:04]} Ne8 {
[%emt 0:00:02]} 10. Qh5 {[%emt 0:00:13]} g6 {[%emt 0:00:01]} 11. Qg4 {[%emt 0:
00:09]} Bxe5 {[%emt 0:00:07]} 12. dxe5 {[%emt 0:00:04]} c5 {[%emt 0:00:01]} 13.
h4 {[%emt 0:00:07]} c4 {[%emt 0:00:02]} 14. h5 {[%emt 0:00:07]} cxd3 {[%emt 0:
00:04]} 15. hxg6 {[%emt 0:00:01]} fxg6 {[%emt 0:00:03]} 16. Qxe6+ {[%emt 0:00:
02]} Kh8 {[%emt 0:00:01]} 17. cxd3 {[%emt 0:00:10]} Ng7 {[%emt 0:00:05]} 18.
Qxg6 {[%emt 0:00:04]} Kg8 {[%emt 0:00:09]} 19. Rxh7 {[%emt 0:00:19]} Rf7 {
[%emt 0:00:27]} 20. e6 {[%emt 0:00:07]} Re7 {[%emt 0:00:05]} 21. exd7 {[%emt 0:
00:15]} Qxd7 {[%emt 0:00:00]} 22. Qh6 {[%emt 0:00:18] Munchie the 5th resigns}
1-0

[Event "Benidorm Satellite preliminary"]
[Site "playchess.com #007036"]
[Date "2009.10.24"]
[Round "10"]
[White "Borya_ider"]
[Black "Windwolf"]
[Result "0-1"]
[WhiteElo "2623"]
[BlackElo "2104"]
[PlyCount "66"]
[EventDate "2009.10.24"]
[EventType "swiss (blitz)"]

1. d4 {[%emt 0:00:01]} d5 {[%emt 0:00:01]} 2. Nf3 {[%emt 0:00:01]} c6 {[%emt 0:
00:01]} 3. c4 {[%emt 0:00:01]} Nf6 {[%emt 0:00:01]} 4. e3 {[%emt 0:00:01]} Nbd7
{[%emt 0:00:03]} 5. Bd3 {[%emt 0:00:02]} e6 {[%emt 0:00:01]} 6. Nbd2 {[%emt 0:
00:02]} Bd6 {[%emt 0:00:01]} 7. O-O {[%emt 0:00:01]} O-O {[%emt 0:00:02]} 8. e4
{[%emt 0:00:00]} Nxe4 {[%emt 0:00:03]} 9. Nxe4 {[%emt 0:00:01]} dxe4 {[%emt 0:
00:01]} 10. Bxe4 {[%emt 0:00:00]} Qe7 {[%emt 0:00:15]} 11. Re1 {[%emt 0:00:04]}
Nf6 {[%emt 0:00:10]} 12. Bg5 {[%emt 0:00:02]} h6 {[%emt 0:00:01]} 13. Bh4 {
[%emt 0:00:09]} Bb4 {[%emt 0:00:14]} 14. Re3 {[%emt 0:00:07]} c5 {[%emt 0:00:
08]} 15. d5 {[%emt 0:00:02]} g5 {[%emt 0:00:20]} 16. Nxg5 {[%emt 0:00:02]} Nxe4
{[%emt 0:00:04]} 17. Rxe4 {[%emt 0:00:13]} hxg5 {[%emt 0:00:01]} 18. Bxg5 {
[%emt 0:00:02]} f6 {[%emt 0:00:03]} 19. Bh4 {[%emt 0:00:00]} e5 {[%emt 0:00:09]
} 20. Qf3 {[%emt 0:00:09]} Qh7 {[%emt 0:00:18]} 21. Bxf6 {[%emt 0:00:08]} Rxf6
{[%emt 0:00:03]} 22. Qxf6 {[%emt 0:00:06]} Qxe4 {[%emt 0:00:01]} 23. Qd8+ {
[%emt 0:00:02]} Kf7 {[%emt 0:00:08]} 24. a3 {[%emt 0:00:02]} Be1 {[%emt 0:00:
05]} 25. Qc7+ {[%emt 0:00:06]} Ke8 {[%emt 0:00:06]} 26. d6 {[%emt 0:00:11]} Bd7
{[%emt 0:00:02]} 27. Qxc5 {[%emt 0:00:02]} Bc6 {[%emt 0:00:10]} 28. f3 {[%emt
0:00:03]} Qe2 {[%emt 0:00:02]} 29. h3 {[%emt 0:00:26]} Bd2 {[%emt 0:00:05]} 30.
Kh2 {[%emt 0:00:13]} Kd7 {[%emt 0:00:02]} 31. b4 {[%emt 0:00:09]} Rg8 {[%emt 0:
00:02]} 32. Rg1 {[%emt 0:00:03]} Be3 {[%emt 0:00:02]} 33. Qa5 {[%emt 0:00:05]}
Bxg1+ {[%emt 0:00:01] Borya_ider abandonne} 0-1

[Event "Benidorm Satellite preliminary"]
[Site "playchess.com #007036"]
[Date "2009.10.24"]
[Round "10"]
[White "Wolle1305"]
[Black "Priscila"]
[Result "0-1"]
[WhiteElo "1744"]
[BlackElo "1829"]
[PlyCount "68"]
[EventDate "2009.10.24"]
[EventType "swiss (blitz)"]

1. e4 {[%emt 0:00:03]} e6 {[%emt 0:00:01]} 2. d4 {[%emt 0:00:02]} d5 {[%emt 0:
00:00]} 3. Nc3 {[%emt 0:00:01]} Nf6 {[%emt 0:00:01]} 4. Bg5 {[%emt 0:00:03]}
Be7 {[%emt 0:00:01]} 5. e5 {[%emt 0:00:01]} Nfd7 {[%emt 0:00:00]} 6. Bxe7 {
[%emt 0:00:02]} Qxe7 {[%emt 0:00:00]} 7. Qg4 {[%emt 0:00:05]} a6 {[%emt 0:00:
01]} 8. Qxg7 {[%emt 0:00:02]} Qf8 {[%emt 0:00:02]} 9. Qxf8+ {[%emt 0:00:02]}
Kxf8 {[%emt 0:00:00]} 10. f4 {[%emt 0:00:03]} c5 {[%emt 0:00:01]} 11. Nf3 {
[%emt 0:00:01]} Rg8 {[%emt 0:00:01]} 12. O-O-O {[%emt 0:00:13]} Nc6 {[%emt 0:
00:01]} 13. g3 {[%emt 0:00:02]} Ke7 {[%emt 0:00:02]} 14. Be2 {[%emt 0:00:07]}
c4 {[%emt 0:00:01]} 15. Rdg1 {[%emt 0:00:03]} b5 {[%emt 0:00:00]} 16. a3 {
[%emt 0:00:02]} Nb6 {[%emt 0:00:01]} 17. h4 {[%emt 0:00:10]} Bd7 {[%emt 0:00:
01]} 18. g4 {[%emt 0:00:05]} b4 {[%emt 0:00:00]} 19. axb4 {[%emt 0:00:04]} Nxb4
{[%emt 0:00:00]} 20. Kb1 {[%emt 0:00:01]} Rab8 {[%emt 0:00:01]} 21. Ng5 {[%emt
0:00:14]} h6 {[%emt 0:00:02]} 22. Nf3 {[%emt 0:00:02]} Na4 {[%emt 0:00:06]} 23.
Nxa4 {[%emt 0:00:05]} Bxa4 {[%emt 0:00:00]} 24. c3 {[%emt 0:00:06]} Nc6 {[%emt
0:00:06]} 25. h5 {[%emt 0:00:03]} Rb7 {[%emt 0:00:01]} 26. Bd1 {[%emt 0:00:12]}
Bxd1 {[%emt 0:00:14]} 27. Rxd1 {[%emt 0:00:07]} Rxg4 {[%emt 0:00:01]} 28. Rh4 {
[%emt 0:00:09]} Rg3 {[%emt 0:00:17]} 29. Rf1 {[%emt 0:00:07]} Na5 {[%emt 0:00:
12]} 30. Rf2 {[%emt 0:00:14]} Nb3 {[%emt 0:00:02]} 31. Rhh2 {[%emt 0:00:11]}
Rb5 {[%emt 0:00:01]} 32. Rhg2 {[%emt 0:00:03]} Ra5 {[%emt 0:00:21]} 33. Rxg3 {
[%emt 0:01:04]} Ra1+ {[%emt 0:00:04]} 34. Kc2 {[%emt 0:00:00]} Rc1# {[%emt 0:
00:00]} 0-1

[Event "Benidorm Satellite preliminary"]
[Site "playchess.com #007036"]
[Date "2009.10.24"]
[Round "10"]
[White "Aref__gm"]
[Black "FaIlWoRd"]
[Result "0-1"]
[WhiteElo "2329"]
[BlackElo "2685"]
[PlyCount "40"]
[EventDate "2009.10.24"]
[EventType "swiss (blitz)"]

1. e4 {[%emt 0:00:02]} e5 {[%emt 0:00:02]} 2. Nf3 {[%emt 0:00:01]} Nf6 {[%emt
0:00:02]} 3. Nc3 {[%emt 0:00:02]} Nc6 {[%emt 0:00:02]} 4. d4 {[%emt 0:00:01]}
exd4 {[%emt 0:00:02]} 5. Nxd4 {[%emt 0:00:00]} Bb4 {[%emt 0:00:01]} 6. Nxc6 {
[%emt 0:00:01]} bxc6 {[%emt 0:00:01]} 7. Bd3 {[%emt 0:00:00]} d5 {[%emt 0:00:
01]} 8. exd5 {[%emt 0:00:00]} cxd5 {[%emt 0:00:01]} 9. O-O {[%emt 0:00:00]} O-O
{[%emt 0:00:01]} 10. Bg5 {[%emt 0:00:01]} c6 {[%emt 0:00:02]} 11. Qf3 {[%emt 0:
00:01]} Re8 {[%emt 0:00:13]} 12. Rae1 {[%emt 0:00:06]} Be6 {[%emt 0:00:10]} 13.
Re5 {[%emt 0:00:46]} Rb8 {[%emt 0:01:30]} 14. Ne2 {[%emt 0:00:23]} Bd6 {[%emt
0:00:08]} 15. Bxf6 {[%emt 0:00:02]} Qxf6 {[%emt 0:00:01]} 16. Qxf6 {[%emt 0:00:
02]} gxf6 {[%emt 0:00:01]} 17. Rh5 {[%emt 0:00:02]} Bg4 {[%emt 0:00:21]} 18.
Bxh7+ {[%emt 0:00:46]} Kg7 {[%emt 0:00:03]} 19. Ng3 {[%emt 0:00:37]} Bxg3 {
[%emt 0:00:18]} 20. fxg3 {[%emt 0:00:05]} Bxh5 {[%emt 0:00:03] Aref__gm resigns
} 0-1

[Event "Benidorm Satellite preliminary"]
[Site "playchess.com #007036"]
[Date "2009.10.24"]
[Round "10"]
[White "Juckel"]
[Black "Slobster"]
[Result "0-1"]
[WhiteElo "1539"]
[BlackElo "1668"]
[PlyCount "48"]
[EventDate "2009.10.24"]
[EventType "swiss (blitz)"]

1. e4 {[%emt 0:00:02]} d5 {[%emt 0:00:01]} 2. exd5 {[%emt 0:00:01]} Nf6 {[%emt
0:00:00]} 3. d4 {[%emt 0:00:04]} Bg4 {[%emt 0:00:02]} 4. Be2 {[%emt 0:00:03]}
Bxe2 {[%emt 0:00:03]} 5. Nxe2 {[%emt 0:00:01]} Qxd5 {[%emt 0:00:00]} 6. Nbc3 {
[%emt 0:00:04]} Qh5 {[%emt 0:00:01]} 7. Ng3 {[%emt 0:00:08]} Qg6 {[%emt 0:00:
02]} 8. O-O {[%emt 0:00:08]} e6 {[%emt 0:00:01]} 9. f4 {[%emt 0:00:03]} Be7 {
[%emt 0:00:03]} 10. f5 {[%emt 0:00:01]} exf5 {[%emt 0:00:02]} 11. Qe2 {[%emt 0:
00:08]} Nc6 {[%emt 0:00:05]} 12. Nxf5 {[%emt 0:00:04]} O-O {[%emt 0:00:12]} 13.
d5 {[%emt 0:00:14]} Bc5+ {[%emt 0:00:06]} 14. Be3 {[%emt 0:00:07]} Bxe3+ {
[%emt 0:00:06]} 15. Qxe3 {[%emt 0:00:05]} Rae8 {[%emt 0:00:01]} 16. Qc5 {[%emt
0:00:20]} Re5 {[%emt 0:00:33]} 17. Qxf8+ {[%emt 0:00:25]} Kxf8 {[%emt 0:00:07]}
18. dxc6 {[%emt 0:00:00]} bxc6 {[%emt 0:00:15]} 19. Rad1 {[%emt 0:00:49]} Rxf5
{[%emt 0:00:21]} 20. Rd8+ {[%emt 0:00:07]} Ke7 {[%emt 0:00:01]} 21. Rfd1 {
[%emt 0:00:14]} Nd5 {[%emt 0:00:12]} 22. Nxd5+ {[%emt 0:00:25]} Rxd5 {[%emt 0:
00:01]} 23. R8xd5 {[%emt 0:00:04]} cxd5 {[%emt 0:00:01]} 24. Rxd5 {[%emt 0:00:
01]} Qxc2 {[%emt 0:00:02] Juckel gibt auf} 0-1